| 000 | 00804nam a22002057a 4500 | ||
|---|---|---|---|
| 999 |
_c10436 _d10436 |
||
| 003 | AR-CdUCM | ||
| 008 | 190325b ||||| |||| 00| 0 spa d | ||
| 040 |
_aMUNICIPALIDAD PROVINCIAL DEL CUSCO _cBIBLIOTECA MUNICIPAL DEL CUSCO |
||
| 082 |
_215ed. _a800.7 / _bS21B / 1962 |
||
| 100 |
_aSánchez, Luis Alberto _9401 |
||
| 245 |
_aBreve tratado de literatura general : _by notas sobre la literatura nueva / |
||
| 260 |
_aSantiago de Chile : _bErcilla, _c1962. |
||
| 300 |
_a233 páginas ; _c20.5 cm. |
||
| 440 |
_aTextos de estudio. _924416 |
||
| 505 | _aContenido: La enseñanza de la literatura -- Nociones de preceptiva literaria -- La composición literaria -- La elocución y sus clases. | ||
| 650 |
_aLiteratura _983 |
||
| 650 |
_aEstudio y enseñanza _92610 |
||
| 942 |
_2ddc _cLIBROS |
||
| 945 | _aacv | ||